Nákladná doprava po vstupe Slovenska do EÚ
Zvyšovanie cestnej nákladnej dopravy v medzinárodnom meradle. Platné nariadenia Európskej únie. Udeľovanie licencií dopravcom a zvyšovanie konkurencie. Oprávnenie prevádzkovať služby vnútroštátnej cestnej nákladnej dopravy na území iného štátu - kabotáž. Povolenia na vykonávanie kabotáže. Proces har...
Guardado en:
| Autor principal: | |
|---|---|
| Formato: | Capítulo de libro |
| Lenguaje: | eslovaco |
| Materias: | |
| Etiquetas: |
Sin Etiquetas, Sea el primero en etiquetar este registro!
|
MARC
| LEADER | 00000naa$a2200000$$$4500 | ||
|---|---|---|---|
| 001 | 0058377 | ||
| 005 | 20231108134002.2 | ||
| 041 | 0 | |a slo | |
| 044 | |a SK | ||
| 245 | 1 | 0 | |a Nákladná doprava po vstupe Slovenska do EÚ |c Jozef Tisovský |
| 520 | |a Zvyšovanie cestnej nákladnej dopravy v medzinárodnom meradle. Platné nariadenia Európskej únie. Udeľovanie licencií dopravcom a zvyšovanie konkurencie. Oprávnenie prevádzkovať služby vnútroštátnej cestnej nákladnej dopravy na území iného štátu - kabotáž. Povolenia na vykonávanie kabotáže. Proces harmonizácie s právom Európskej únie. | ||
| 610 | 2 | 0 | |a doprava cestná nákladná |
| 610 | 2 | 0 | |a legislatíva |
| 610 | 2 | 0 | |a harmonizácia |
| 610 | 2 | 0 | |a predpisy právne |
| 610 | 2 | 0 | |a licencie |
| 610 | 2 | 0 | |a Slovensko |
| 610 | 2 | 0 | |a Európska únia |
| 100 | 1 | |a Tisovský, Jozef | |